000 01022nam0a22002411 4500
001 rc\646344
005 20031121164901.2
035 _a(NLR Aleph) 005886939
090 _a6137014
_c6137014
100 _a20031121d1986 u |0rusy50 ca
101 0 _arus
102 _aRU
105 _aa |||||||||
200 1 _aРуководство по изучению магматических и метаморфических пород
_e(Для учеб. полевых практик)
_fМГУ им. М.В. Ломоносова, Геол. фак.
_g[Шарфман В.С. и др.]
_gПод ред. В.С. Шарфмана
210 _aМ.
_cИзд-во МГУ
_d1986
215 _a136, [2] с.
_cил.
_d22
702 1 _aШарфман
_bВ. С.
_gВиталий Соломонович
_4340
712 0 2 _aМГУ им. М.В.Ломоносова
_bГеологический факультет
_3RU\NLR\AUTH\889936534
801 0 _aRU
_bNLR
_gpsbo
801 1 _aRU
_bELAR
_2rusmarc
852 _aNLR
_j86-5/5297
942 _cBOOK
980 _aNB